Central Library OPAC University of Rajshahi

Prawns and prawn fisheries of India / (Record no. 73680)

MARC details
000 -LEADER
fixed length control field 00877nam a2200277 a 4500
001 - CONTROL NUMBER
control field 73680
003 - CONTROL NUMBER IDENTIFIER
rucl marc code BD-RjUL
005 - DATE AND TIME OF LATEST TRANSACTION
control field 20211209082430.0
008 - FIXED-LENGTH DATA ELEMENTS--GENERAL INFORMATION
fixed length control field 170606s1993 ii a b 001 0 eng d
020 ## - INTERNATIONAL STANDARD BOOK NUMBER
International Standard Book Number 8170750326 :
Terms of availability Rs275.00
035 ## - SYSTEM CONTROL NUMBER
System control number (BD-RjUL)73898
040 ## - CATALOGING SOURCE
Original cataloging agency DLC
Transcribing agency DLC
Language of cataloging eng
Modifying agency BD-RjUL
041 ## - LANGUAGE CODE
Language code of text/sound track or separate title eng
082 ## - DEWEY DECIMAL CLASSIFICATION NUMBER
Edition number 23
Classification number 639.50954
Author mark and year KUP 1993
100 1# - MAIN ENTRY--PERSONAL NAME
Personal name Kurian, C. V.
9 (RLIN) 90457
245 10 - TITLE STATEMENT
Title Prawns and prawn fisheries of India /
Statement of responsibility, etc. by C.V. Kurian and V.O Sebastian.
250 ## - EDITION STATEMENT
Edition statement 4th rev. ed.
260 ## - PUBLICATION, DISTRIBUTION, ETC. (IMPRINT)
Place of publication, distribution, etc. Delhi :
Name of publisher, distributor, etc. Hindustan Pub. Corp.,
Date of publication, distribution, etc. 1993.
300 ## - PHYSICAL DESCRIPTION
Pagination viii, 267 p. :
Illustrations ill. ;
Size 24 cm.
504 ## - BIBLIOGRAPHY, ETC. NOTE
Bibliography, etc Includes bibliographical references (p. [239]-248) and indexes.
650 #0 - SUBJECT ADDED ENTRY--TOPICAL TERM
Topical term or geographic name as entry element Shrimp fisheries
Geographic subdivision India.
9 (RLIN) 218096
Topical term or geographic name as entry element Shrimps
Geographic subdivision India.
9 (RLIN) 218097
Topical term or geographic name as entry element Crustacea
Geographic subdivision India.
9 (RLIN) 188628
700 1# - ADDED ENTRY--PERSONAL NAME
Personal name Sebastian, V. O
942 ## - ADDED ENTRY ELEMENTS (KOHA)
Source of classification or shelving scheme Dewey Decimal Classification
Koha item type Books
Holdings
Lost status Source of classification or shelving scheme Damaged status Not for loan Collection code Permanent Location Current Location Shelving location Date acquired Source of acquisition Cost, normal purchase price Total Checkouts Full call number Date last seen Copy number Koha item type
  Dewey Decimal Classification   Not For Loan Non-fiction Central Library, University of Rajshahi Central Library, University of Rajshahi Reading Room 15/05/1996 Book View 487.00   639.50954 KUP 1993 06/06/2017 C-1 Books